[Event "St. Gallen (SUI)-Dresden (GER I)"]
[Site "Hamburg"]
[Date "2009.06.05"]
[Round "4.4"]
[White "Maier, Gregor"]
[Black "Krause, Stefan"]
[Result "0-1"]
[WhiteElo "1900"]
[BlackElo "1900"]
[PlyCount "114"]
[EventDate "2009.??.??"]
[WhiteTeam "St. Gallen (SUI)"]
[BlackTeam "Dresden (GER I)"]

1. e4 c5 2. Nf3 Nc6 3. Nc3 g6 4. Bc4 Bg7 5. O-O d6 6. d3 e6 7. Be3 Nge7 8. d4
cxd4 9. Nxd4 a6 10. Qf3 Nxd4 11. Qd1 Ndc6 12. Bd2 O-O 13. Re1 b5 14. Bd3 Ne5
15. Bf4 N7c6 16. Ne2 Bb7 17. c3 Nxd3 18. Qxd3 Ne5 19. Qc2 Qe7 20. f3 Rac8 21.
Rad1 Rfd8 22. Nd4 Nc4 23. b3 Na5 24. Ne2 d5 25. e5 b4 26. Qd2 bxc3 27. Nxc3
Qc5+ 28. Re3 h5 29. Na4 Qc2 30. Bg5 Qxd2 31. Rxd2 Rc1+ 32. Kf2 Rdc8 33. f4 R1c2
34. Ree2 Rxd2 35. Rxd2 Bf8 36. Ke2 Bb4 37. Rb2 Nc6 38. Bh4 Nd4+ 39. Kd1 a5 40.
Bf2 Nb5 41. Ke2 Nc3+ 42. Nxc3 Rxc3 43. Bb6 Ba6+ 44. Kd1 Bd3 45. Rd2 Be4 46. Bd4
Rd3 47. Rxd3 Bxd3 48. g3 Kf8 49. Kc1 Ke7 50. Kb2 Kd7 51. Bb6 Kc6 52. Bd8 d4 53.
a3 Bc3+ 54. Ka2 Be4 55. Bxa5 Bxa5 56. b4 Bb6 57. Kb2 d3 0-1

[Event "Hlohovec (SVK)-Moscow (RUS)"]
[Site "Hamburg"]
[Date "2009.06.05"]
[Round "4.1"]
[White "Parfenov, Vjacheslav"]
[Black "Frajka, Peter"]
[Result "1-0"]
[WhiteElo "2228"]
[BlackElo "1866"]
[PlyCount "91"]
[EventDate "2009.??.??"]
[WhiteTeam "Moskau (RUS)"]
[BlackTeam "Hlohovec (SVK)"]

1. e4 e5 2. Nf3 Nc6 3. Bb5 a6 4. Bxc6 dxc6 5. O-O Bd6 6. d4 Bg4 7. dxe5 Bxf3 8.
Qxf3 Bxe5 9. Nd2 Nf6 10. Nc4 Qd4 11. Nxe5 Qxe5 12. Qf4 Qe7 13. f3 O-O 14. Qh4
h6 15. Qf2 Rfd8 16. Be3 Rd7 17. Rfd1 Rad8 18. Rxd7 Rxd7 19. Qe2 Qd8 20. Kf2 Ne8
21. g3 Nd6 22. Kg2 b5 23. Rd1 Nc4 24. Rxd7 Nxe3+ 25. Qxe3 Qxd7 26. Qd3 Qd6 27.
f4 f6 28. Kf3 Kf7 29. Qxd6 cxd6 30. b4 Ke6 31. c3 g6 32. g4 g5 33. Ke3 Kd7 34.
f5 Kc7 35. Kd4 Kd7 36. c4 Kc7 37. c5 Kd7 38. cxd6 Kxd6 39. h3 c5+ 40. bxc5+ Kc6
41. e5 fxe5+ 42. Kxe5 Kxc5 43. f6 Kb4 44. f7 Ka3 45. f8=Q+ Kxa2 46. Qb4 1-0

[Event "Hlohovec (SVK)-Moscow (RUS)"]
[Site "Hamburg"]
[Date "2009.06.05"]
[Round "4.2"]
[White "Sturc, Miloslav"]
[Black "Parfenov, Pavel"]
[Result "0-1"]
[WhiteElo "1900"]
[BlackElo "2248"]
[PlyCount "96"]
[EventDate "2009.??.??"]
[WhiteTeam "Hlohovec (SVK)"]
[BlackTeam "Moskau (RUS)"]

1. e4 c5 2. c4 Nc6 3. Nc3 g6 4. Nf3 Bg7 5. a3 d6 6. h3 Nf6 7. d3 O-O 8. Bd2 a6
9. Be2 Rb8 10. Rb1 Ne8 11. Qc2 Nc7 12. Qc1 Ne6 13. Nd5 Ned4 14. Nxd4 Nxd4 15.
Bf1 e6 16. Nc3 Bd7 17. Bf4 Bc6 18. Ne2 Rc8 19. Bh6 d5 20. cxd5 exd5 21. Bxg7
Kxg7 22. Qxc5 Nxe2 23. Bxe2 dxe4 24. O-O Qf6 25. Qc3 Bb5 26. Qxf6+ Kxf6 27. Bg4
Rce8 28. Rfd1 Bxd3 29. Rbc1 Re7 30. Rd2 h5 31. Bd1 Bb5 32. Bb3 Kg7 33. Re1 Rfe8
34. Re3 f5 35. Bc2 Rc7 36. f3 exf3 37. Rxe8 Bxe8 38. gxf3 Kf6 39. Bb3 Re7 40.
Rd6+ Ke5 41. Rd5+ Kf4 42. Kf2 Rd7 43. Rxd7 Bxd7 44. Bf7 Bc6 45. Bxg6 h4 46. Ke2
Bxf3+ 47. Kf2 Be4 48. Bh5 Ke5 0-1

[Event "Hlohovec (SVK)-Moscow (RUS)"]
[Site "Hamburg"]
[Date "2009.06.05"]
[Round "4.3"]
[White "Ivanov, Mikhail"]
[Black "Jaros, Jozef"]
[Result "1-0"]
[WhiteElo "1900"]
[BlackElo "1900"]
[PlyCount "47"]
[EventDate "2009.??.??"]
[WhiteTeam "Moskau (RUS)"]
[BlackTeam "Hlohovec (SVK)"]

1. d4 Nf6 2. c4 g6 3. Nc3 Bg7 4. e4 d6 5. Be2 O-O 6. g4 h6 7. g5 hxg5 8. Bxg5
Nh7 9. Be3 e5 10. Nf3 Bg4 11. d5 Bxf3 12. Bxf3 a6 13. c5 dxc5 14. Bxc5 Re8 15.
Qb3 b6 16. Be3 Nd7 17. O-O-O Bf8 18. Rdg1 Bc5 19. Nd1 Qf6 20. Rg3 Bxe3+ 21.
Nxe3 Kg7 22. h4 Rh8 23. Kb1 Qd6 24. Nf5+ 1-0

[Event "Hlohovec (SVK)-Moscow (RUS)"]
[Site "Hamburg"]
[Date "2009.06.05"]
[Round "4.4"]
[White "Lancaric, Vladimir"]
[Black "Pogoskin, Roman"]
[Result "0-1"]
[WhiteElo "1900"]
[BlackElo "2060"]
[PlyCount "98"]
[EventDate "2009.??.??"]
[WhiteTeam "Hlohovec (SVK)"]
[BlackTeam "Moskau (RUS)"]

1. Nf3 Nf6 2. d4 e6 3. a3 c5 4. e3 Nc6 5. Be2 d5 6. b3 Be7 7. Bb2 O-O 8. O-O
Bd7 9. h3 Rc8 10. Nbd2 Qb6 11. c4 cxd4 12. Nxd4 Na5 13. Rc1 Bd6 14. b4 Nxc4 15.
Bxc4 dxc4 16. Nxc4 Qc7 17. Nxd6 Qxd6 18. Nf3 Qxd1 19. Rfxd1 Ba4 20. Re1 Ne4 21.
Bd4 b6 22. Ne5 Bb5 23. Bb2 f6 24. Nf3 e5 25. Rxc8 Rxc8 26. Rc1 Bc4 27. Rc2 b5
28. Nd2 Nd6 29. f4 exf4 30. exf4 Kf7 31. Kf2 Ke6 32. Bd4 Rc7 33. g4 Kd5 34. Bc5
Ne4+ 35. Nxe4 Kxe4 36. f5 Rd7 37. a4 a6 38. axb5 axb5 39. Ra2 Bxa2 40. Be3 Rd3
41. Bc5 Rxh3 42. Bf8 g6 43. fxg6 hxg6 44. Be7 f5 45. gxf5 gxf5 46. Bd6 Rd3 47.
Bc5 f4 48. Bb6 Rd2+ 49. Ke1 Rb2 0-1

[Event "Helsingborg (SWE)-Vilnius (LTU)"]
[Site "Hamburg"]
[Date "2009.06.05"]
[Round "4.1"]
[White "Patackas, Jonas"]
[Black "Borg, Peter"]
[Result "1/2-1/2"]
[WhiteElo "2042"]
[BlackElo "1900"]
[PlyCount "138"]
[EventDate "2009.??.??"]
[WhiteTeam "Vilnius (LTU)"]
[BlackTeam "Helsingborg (SWE)"]

1. e4 e6 2. d4 d5 3. e5 Bd7 4. Bd3 c5 5. c3 Nc6 6. Nf3 Qb6 7. dxc5 Bxc5 8. O-O
Qc7 9. b4 Be7 10. Re1 a6 11. Bb2 Na7 12. a4 Nh6 13. Nbd2 f5 14. exf6 Bxf6 15.
Qc2 O-O-O 16. b5 a5 17. c4 b6 18. Rac1 Kb8 19. c5 Qxc5 20. Bxf6 gxf6 21. Qb2
Qe7 22. Qd4 Qd6 23. Qxf6 Ng4 24. Qh4 h5 25. h3 Rdg8 26. Qg3 Qxg3 27. fxg3 Nh6
28. Ne5 Be8 29. Kh2 Rg7 30. Rf1 Nf7 31. Nxf7 Bxf7 32. Rf3 Bg6 33. Bxg6 Rxg6 34.
Rf7 Rc8 35. Rcf1 Rcg8 36. Rf8+ Rxf8 37. Rxf8+ Nc8 38. Nf3 Rh6 39. Ne5 Kc7 40.
Kg1 Nd6 41. g4 Ne4 42. gxh5 Rxh5 43. Rf7+ Kd6 44. Nd7 d4 45. Nxb6 Rc5 46. Kf1
d3 47. Rd7+ Ke5 48. Rxd3 Rc1+ 49. Ke2 Rc2+ 50. Ke1 Rxg2 51. Nc4+ Kf4 52. Kf1
Ra2 53. b6 Rxa4 54. Rb3 Nc5 55. b7 Nxb7 56. Nd2 Nc5 57. Rf3+ Kg5 58. Rc3 Ne4
59. Nxe4+ Rxe4 60. Rc5+ Kh4 61. Rxa5 Kxh3 62. Kf2 Kg4 63. Ra8 Re5 64. Rg8+ Kf4
65. Rf8+ Rf5 66. Re8 e5 67. Ke2 Ke4 68. Ra8 Rh5 69. Ra4+ Kf5 1/2-1/2

[Event "Helsingborg (SWE)-Vilnius (LTU)"]
[Site "Hamburg"]
[Date "2009.06.05"]
[Round "4.2"]
[White "Korenkiewicz, Jaroslav"]
[Black "Petrauskas, Gediminas"]
[Result "0-1"]
[WhiteElo "1900"]
[BlackElo "1900"]
[PlyCount "153"]
[EventDate "2009.??.??"]
[WhiteTeam "Helsingborg (SWE)"]
[BlackTeam "Vilnius (LTU)"]

1. f4 d5 2. d4 Nf6 3. e3 g6 4. Nf3 Bg7 5. Bb5+ Nbd7 6. O-O a6 7. Bd3 c5 8. c3
c4 9. Bc2 b5 10. h3 Bb7 11. Nbd2 O-O 12. Rf2 Qc7 13. Nf1 e6 14. Bd2 Nb6 15. Ng3
Nc8 16. Qb1 Nd6 17. Be1 Rfe8 18. Ne5 h5 19. Re2 Nf5 20. Nxf5 exf5 21. Nf3 Bh6
22. Bg3 Re6 23. Ne5 Kg7 24. Qf1 Rae8 25. Rae1 Nh7 26. Nf3 Nf6 27. Ne5 Ne4 28.
Bh2 Qe7 29. Nf3 a5 30. Bxe4 Rxe4 31. Qf2 b4 32. Qh4 f6 33. g4 hxg4 34. hxg4 Rh8
35. Qg3 fxg4 36. Qxg4 Bc8 37. Qg2 g5 38. Nd2 Bf5 39. Nxe4 Bxe4 40. Qg4 f5 41.
Qg3 g4 42. Rg2 Kf7 43. Qf2 Bxg2 44. Qxg2 Qe6 45. cxb4 axb4 46. Qd2 Bf8 47. Qg2
Rh3 48. Bg3 Qc6 49. Kf2 Ke6 50. Rh1 Rxh1 51. Qxh1 Qa4 52. Qh8 Qc2+ 53. Kg1 Qd1+
54. Kh2 Qe2+ 55. Kh1 Qf1+ 56. Kh2 Qh3+ 57. Qxh3 gxh3 58. Be1 Be7 59. Kxh3 Kd7
60. Kg2 Kc6 61. Kf3 Kb5 62. Ke2 Ka4 63. Kd2 b3 64. a3 Bd6 65. Bh4 c3+ 66. Kc1
cxb2+ 67. Kxb2 Bxa3+ 68. Kb1 Bb4 69. Kb2 Bd2 70. Bf2 Kb4 71. Bg1 Kc4 72. Bf2
Bc3+ 73. Kb1 Kd3 74. Bg1 Ke2 75. e4 dxe4 76. d5 Kd3 77. d6 0-1

[Event "Helsingborg (SWE)-Vilnius (LTU)"]
[Site "Hamburg"]
[Date "2009.06.05"]
[Round "4.3"]
[White "Osadcij, Jurij"]
[Black "Claesson, Mats"]
[Result "1/2-1/2"]
[WhiteElo "1900"]
[BlackElo "1900"]
[PlyCount "76"]
[EventDate "2009.??.??"]
[WhiteTeam "Vilnius (LTU)"]
[BlackTeam "Helsingborg (SWE)"]

1. e4 e5 2. Nf3 Nc6 3. Bc4 Bc5 4. c3 Nf6 5. d4 exd4 6. cxd4 Bb4+ 7. Nc3 O-O 8.
e5 Ne4 9. Bd2 Nxc3 10. bxc3 Be7 11. O-O d5 12. Bd3 h6 13. h3 Be6 14. Nh2 Qc8
15. f4 f5 16. Rb1 Na5 17. Qf3 c6 18. Qg3 Qe8 19. Nf3 b6 20. Nh4 Bxh4 21. Qxh4
Qf7 22. Rf3 Kh7 23. g4 g6 24. g5 h5 25. Be2 Kg7 26. Qf2 Qc7 27. Bc1 Nb7 28. Ba3
Rfd8 29. Ba6 Na5 30. Bf1 b5 31. Re3 Nb7 32. Qe2 Qd7 33. Kg2 Kf7 34. h4 a6 35.
Kg3 Kg7 36. Qd1 Kf7 37. Be2 Rh8 38. Bc1 Kg7 1/2-1/2

[Event "Kiew (UKR)-Moskau (RUS)"]
[Site "Hamburg"]
[Date "2009.06.06"]
[Round "5.1"]
[White "Varezhkin, Viktor"]
[Black "Baklanova, Tetiana"]
[Result "1/2-1/2"]
[WhiteElo "2188"]
[BlackElo "2239"]
[PlyCount "29"]
[EventDate "2009.??.??"]
[WhiteTeam "Moskau (RUS)"]
[BlackTeam "Kiew (UKR)"]

1. Nf3 c5 2. g3 d5 3. Bg2 Nc6 4. d4 cxd4 5. Nxd4 Nf6 6. O-O e6 7. c4 Bc5 8.
Nxc6 bxc6 9. Nd2 O-O 10. e4 Ba6 11. Qc2 Qb6 12. h3 Nh5 13. Nb3 dxe4 14. Qxe4
Nxg3 15. Qe5 1/2-1/2

[Event "Kiew (UKR)-Moskau (RUS)"]
[Site "Hamburg"]
[Date "2009.06.06"]
[Round "5.2"]
[White "Kovalenko, Vladimir"]
[Black "Parfenov, Vjacheslav"]
[Result "1/2-1/2"]
[WhiteElo "2162"]
[BlackElo "2228"]
[PlyCount "28"]
[EventDate "2009.??.??"]
[WhiteTeam "Kiew (UKR)"]
[BlackTeam "Moskau (RUS)"]

1. e4 g6 2. d4 Bg7 3. Nc3 d6 4. Bg5 c5 5. dxc5 Qa5 6. Bd2 Qxc5 7. Nf3 Nf6 8.
Be2 O-O 9. O-O a6 10. Be3 Qa5 11. Nd4 Nc6 12. Nb3 Qd8 13. h3 b5 14. a3 Bb7
1/2-1/2

[Event "Kiew (UKR)-Moskau (RUS)"]
[Site "Hamburg"]
[Date "2009.06.06"]
[Round "5.3"]
[White "Parfenov, Pavel"]
[Black "Ovcharov, Taras"]
[Result "0-1"]
[WhiteElo "2248"]
[BlackElo "1987"]
[PlyCount "36"]
[EventDate "2009.??.??"]
[WhiteTeam "Moskau (RUS)"]
[BlackTeam "Kiew (UKR)"]

1. d4 Nf6 2. Nf3 e6 3. g3 d5 4. Bg2 Bd6 5. O-O O-O 6. Nbd2 Nbd7 7. c4 c6 8. Qc2
Re8 9. Rd1 Qc7 10. e4 dxe4 11. Nxe4 Nxe4 12. Qxe4 e5 13. dxe5 Nxe5 14. Nxe5
Rxe5 15. Qd4 Re8 16. Qxd6 Qxd6 17. Rxd6 Re1+ 18. Bf1 Bh3 0-1

[Event "Kiew (UKR)-Moskau (RUS)"]
[Site "Hamburg"]
[Date "2009.06.06"]
[Round "5.4"]
[White "Babii, Petro"]
[Black "Ivanov, Mikhail"]
[Result "1/2-1/2"]
[WhiteElo "2124"]
[BlackElo "1900"]
[PlyCount "33"]
[EventDate "2009.??.??"]
[WhiteTeam "Kiew (UKR)"]
[BlackTeam "Moskau (RUS)"]

1. Nf3 c5 2. c4 Nf6 3. Nc3 Nc6 4. d4 cxd4 5. Nxd4 g6 6. g3 Bg7 7. Bg2 O-O 8.
O-O Ng4 9. e3 Nge5 10. Qe2 d6 11. h3 Re8 12. Rd1 Bd7 13. b3 Rb8 14. Bb2 Nxd4
15. exd4 Nc6 16. Qe3 a6 17. Rd2 1/2-1/2

[Event "Dresden (GER I)-Zagreb (CRO)"]
[Site "Hamburg"]
[Date "2009.06.06"]
[Round "5.1"]
[White "Bozinovic, Bogdan"]
[Black "Mucha, Annegret"]
[Result "1-0"]
[WhiteElo "2323"]
[BlackElo "1957"]
[PlyCount "91"]
[EventDate "2009.??.??"]
[WhiteTeam "Zagreb (CRO)"]
[BlackTeam "Dresden (GER I)"]

1. Nf3 Nf6 2. d4 b6 3. e3 Bb7 4. Bd3 e6 5. O-O Be7 6. c4 d6 7. Nc3 Nbd7 8. e4
e5 9. d5 O-O 10. Ne1 Nc5 11. Bc2 a5 12. b3 Bc8 13. Rb1 Ne8 14. a3 g6 15. b4
axb4 16. axb4 Nd7 17. Nd3 Ng7 18. Ba4 Nf6 19. Bc6 Rb8 20. Ra1 Nfe8 21. Ra7 f5
22. f3 fxe4 23. fxe4 Rxf1+ 24. Qxf1 Bg5 25. Nb5 Bxc1 26. Qxc1 Bd7 27. Bxd7 Qxd7
28. Qg5 Nh5 29. g3 Nhf6 30. Nf2 Kg7 31. h3 Qd8 32. Qe3 Ra8 33. Qxb6 Rxa7 34.
Qxa7 Nh5 35. Qe3 Qa8 36. Kg2 Qa4 37. Qc3 Nhf6 38. Qb2 Kf7 39. Kf3 Ke7 40. Nc3
Qa7 41. Nb1 Ng7 42. Nd2 Kd7 43. Qc3 c5 44. Qe3 Qa2 45. bxc5 dxc5 46. Nd3 1-0

[Event "Dresden (GER I)-Zagreb (CRO)"]
[Site "Hamburg"]
[Date "2009.06.06"]
[Round "5.2"]
[White "Müller, Burkhard"]
[Black "Klasan, Vladimir"]
[Result "0-1"]
[WhiteElo "2159"]
[BlackElo "2282"]
[PlyCount "84"]
[EventDate "2009.??.??"]
[WhiteTeam "Dresden (GER I)"]
[BlackTeam "Zagreb (CRO)"]

1. e4 c5 2. Nf3 d6 3. d4 cxd4 4. Nxd4 Nf6 5. Nc3 Nc6 6. Be3 Ng4 7. Bg5 h6 8.
Bc1 Nf6 9. Be2 e5 10. Nb3 Be7 11. Be3 O-O 12. f3 a5 13. a4 Nb4 14. Nd5 Nfxd5
15. exd5 Bf5 16. Rc1 Bg5 17. Bxg5 Qxg5 18. Kf2 Qd8 19. c3 Qb6+ 20. Kg3 Nxd5 21.
Qxd5 Be6 22. Qb5 Qxb5 23. Bxb5 Bxb3 24. c4 d5 25. cxd5 Rfd8 26. Rc3 Bxd5 27.
Rd1 Be6 28. Rxd8+ Rxd8 29. Rc7 b6 30. Rc6 Rb8 31. Rc7 Kf8 32. Kf2 Bd5 33. Rd7
Be6 34. Rc7 Rc8 35. Rb7 Rc2+ 36. Kg3 f5 37. Rxb6 f4+ 38. Kh4 Ke7 39. Rb7+ Kf6
40. Bf1 Rf2 41. Bd3 Rxg2 42. h3 Rg3 0-1

[Event "Dresden (GER I)-Zagreb (CRO)"]
[Site "Hamburg"]
[Date "2009.06.06"]
[Round "5.3"]
[White "Vujcic, Toni"]
[Black "Kössler, Wolfgang"]
[Result "1-0"]
[WhiteElo "2141"]
[BlackElo "1900"]
[PlyCount "79"]
[EventDate "2009.??.??"]
[WhiteTeam "Zagreb (CRO)"]
[BlackTeam "Dresden (GER I)"]

1. c4 c5 2. Nc3 e6 3. e3 Nf6 4. Nf3 b6 5. d4 Bb7 6. d5 exd5 7. cxd5 d6 8. e4
Be7 9. Bb5+ Nfd7 10. a4 O-O 11. O-O Na6 12. Bf4 Nb4 13. Ra3 Nf6 14. Re1 a6 15.
Bf1 Bc8 16. Nd2 Bd7 17. Nc4 Ne8 18. Qd2 b5 19. axb5 axb5 20. Rxa8 Qxa8 21. Nb6
Qb7 22. Nxd7 Qxd7 23. Bxb5 Qb7 24. e5 dxe5 25. Bxe5 Nd6 26. Bc6 Nxc6 27. dxc6
Qxc6 28. Bxg7 Re8 29. Be5 Nc4 30. Qe2 Qe6 31. Nd5 Qxe5 32. Qxe5 Nxe5 33. Rxe5
Kf8 34. Rxe7 Rxe7 35. Nxe7 Kxe7 36. Kf1 Ke6 37. Ke2 Kd5 38. Kd3 f5 39. b3 f4
40. f3 1-0

[Event "Dresden (GER I)-Zagreb (CRO)"]
[Site "Hamburg"]
[Date "2009.06.06"]
[Round "5.4"]
[White "Krabbe, Wolfgang"]
[Black "Svec, Darko"]
[Result "1/2-1/2"]
[WhiteElo "1900"]
[BlackElo "1968"]
[PlyCount "133"]
[EventDate "2009.??.??"]
[WhiteTeam "Dresden (GER I)"]
[BlackTeam "Zagreb (CRO)"]

1. d4 Nf6 2. c4 g6 3. Nc3 d5 4. Bf4 Bg7 5. e3 O-O 6. Nf3 c5 7. dxc5 Qa5 8. Rc1
Ne4 9. Qb3 Nxc3 10. bxc3 dxc4 11. Bxc4 Qxc5 12. O-O Nc6 13. Bxf7+ Rxf7 14. Ng5
e6 15. Nxf7 Kxf7 16. Rfd1 Na5 17. Qa4 Nc4 18. Qb4 Qc6 19. a4 Bf8 20. Qb3 Bg7
21. Qb4 e5 22. Bg5 Bf8 23. Qb5 Be6 24. Qxc6 bxc6 25. Rb1 Nd6 26. f3 Be7 27.
Bxe7 Kxe7 28. Rb2 Rd8 29. Rdb1 Kd7 30. Kf2 Kc7 31. e4 Bc4 32. Kg3 Bd3 33. Rd1
Nc4 34. Rb4 a5 35. Rb3 Bc2 36. Rxd8 Bxb3 37. Rh8 Bxa4 38. Rxh7+ Kb6 39. f4 Bc2
40. fxe5 Nxe5 41. Re7 Nc4 42. e5 a4 43. e6 a3 44. Re8 a2 45. Ra8 Na5 46. e7
a1=Q 47. e8=Q Qxc3+ 48. Kf2 Qd2+ 49. Kg3 Qg5+ 50. Kf2 Qf4+ 51. Ke2 Qc4+ 52. Kf2
Qd4+ 53. Kg3 Qd6+ 54. Kf2 Qf4+ 55. Ke2 Qe4+ 56. Qxe4 Bxe4 57. Ke3 Bc2 58. h4 c5
59. g4 Nc4+ 60. Kf4 Nd6 61. h5 Nf7 62. hxg6 Bxg6 63. Rg8 Bd3 64. g5 Nd6 65. g6
Kc6 66. g7 Bc4 67. Rf8 1/2-1/2

[Event "Hamburg (GER II)-Otwock (POL)"]
[Site "Hamburg"]
[Date "2009.06.06"]
[Round "5.1"]
[White "Checiak, Krysztof"]
[Black "Salov, Sergey"]
[Result "1/2-1/2"]
[WhiteElo "2111"]
[BlackElo "2271"]
[PlyCount "24"]
[EventDate "2009.??.??"]
[WhiteTeam "Otwock (POL)"]
[BlackTeam "Hamburg (GER II)"]

1. d4 Nf6 2. Bg5 Ne4 3. Bh4 c5 4. f3 g5 5. fxe4 gxh4 6. e3 Bh6 7. Kf2 Qb6 8.
Nc3 cxd4 9. exd4 Nc6 10. Nf3 O-O 11. Bc4 e6 12. Re1 Bg7 1/2-1/2

[Event "Hamburg (GER II)-Otwock (POL)"]
[Site "Hamburg"]
[Date "2009.06.06"]
[Round "5.2"]
[White "Kevorkov, Artur"]
[Black "Strzelecki, Jerzy"]
[Result "1/2-1/2"]
[WhiteElo "2240"]
[BlackElo "2180"]
[PlyCount "40"]
[EventDate "2009.??.??"]
[WhiteTeam "Hamburg (GER II)"]
[BlackTeam "Otwock (POL)"]

1. e4 c5 2. c3 d5 3. exd5 Qxd5 4. d4 e6 5. Nf3 Nf6 6. Be2 Be7 7. O-O O-O 8. Be3
cxd4 9. Nxd4 e5 10. Nb5 Qxd1 11. Rxd1 Nc6 12. N1a3 Ng4 13. Nc4 Be6 14. Ncd6
Nxe3 15. fxe3 Rab8 16. Bf3 Rfd8 17. Ne4 f5 18. Nf2 e4 19. Be2 Rxd1+ 20. Nxd1 g5
1/2-1/2

[Event "Hamburg (GER II)-Otwock (POL)"]
[Site "Hamburg"]
[Date "2009.06.06"]
[Round "5.3"]
[White "Chojnowski, Marcin"]
[Black "Jentsch, Dieter"]
[Result "0-1"]
[WhiteElo "2130"]
[BlackElo "2175"]
[PlyCount "72"]
[EventDate "2009.??.??"]
[WhiteTeam "Otwock (POL)"]
[BlackTeam "Hamburg (GER II)"]

1. e4 e6 2. Nf3 d5 3. e5 c5 4. d3 Nc6 5. h4 Qc7 6. Bf4 Nge7 7. h5 f6 8. Qe2 Nf5
9. c3 fxe5 10. Bxe5 Nxe5 11. Nxe5 Bd6 12. Ng4 O-O 13. Nd2 e5 14. O-O-O Bd7 15.
Ne3 d4 16. Nxf5 Bxf5 17. Ne4 Be7 18. g4 Bxe4 19. dxe4 Qa5 20. Kb1 dxc3 21. h6
Qb4 22. hxg7 Rfd8 23. Rd5 Qxb2+ 24. Qxb2 cxb2 25. Bc4 Rxd5 26. Bxd5+ Kxg7 27.
Kxb2 Rf8 28. Rh2 b5 29. Be6 c4 30. Bf5 h6 31. f4 exf4 32. e5 Bc5 33. Rh3 Bd4+
34. Ka3 a5 35. Rh2 Be3 36. Re2 Bc1+ 0-1

[Event "Hamburg (GER II)-Otwock (POL)"]
[Site "Hamburg"]
[Date "2009.06.06"]
[Round "5.4"]
[White "Rahn, Jürgen"]
[Black "Marczukiewicz, Jerzy"]
[Result "0-1"]
[WhiteElo "1900"]
[BlackElo "2001"]
[PlyCount "96"]
[EventDate "2009.??.??"]
[WhiteTeam "Hamburg (GER II)"]
[BlackTeam "Otwock (POL)"]

1. d4 d5 2. c4 c6 3. e3 Nf6 4. Nf3 Bf5 5. Nc3 e6 6. a3 Ne4 7. Nxe4 Bxe4 8. Nd2
Bg6 9. Nf3 Nd7 10. Bd3 Bxd3 11. Qxd3 Bd6 12. O-O O-O 13. b3 Qe7 14. Bb2 dxc4
15. bxc4 e5 16. dxe5 Nxe5 17. Nxe5 Bxe5 18. Bxe5 Qxe5 19. Rfd1 Rfe8 20. Rab1
Re7 21. Qb3 h6 22. h3 Rc8 23. Rd4 Qe6 24. Qd3 b6 25. Rd1 c5 26. Rd6 Qe4 27. Qb3
Rcc7 28. Qb5 Rc8 29. Qa6 Qb7 30. Qb5 Qe4 31. Qa6 Qb7 32. Qb5 Ra8 33. a4 Rc8 34.
Rd8+ Rxd8 35. Rxd8+ Kh7 36. Qb1+ Qe4 37. Qb5 Qc2 38. a5 Qc1+ 39. Kh2 Qe1 40.
axb6 axb6 41. Qb2 Re6 42. Qc2+ Rg6 43. Qf5 Qf1 44. Qe4 Qxf2 45. Qa8 Re6 46.
Rh8+ Kg6 47. Rd8 Qxe3 48. Rd1 Qf4+ 0-1

[Event "Baku (AZE)-Vilnius (LTU)"]
[Site "Hamburg"]
[Date "2009.06.06"]
[Round "5.1"]
[White "Patackas, Jonas"]
[Black "Slepsov, Aleksandr"]
[Result "1/2-1/2"]
[WhiteElo "2042"]
[BlackElo "1900"]
[PlyCount "83"]
[EventDate "2009.??.??"]
[WhiteTeam "Vilnius (LTU)"]
[BlackTeam "Baku (AZE)"]

1. e4 e6 2. d4 d5 3. exd5 exd5 4. Bd3 Nf6 5. Bg5 h6 6. Bh4 Be7 7. Nf3 Nc6 8. c3
O-O 9. O-O Nh5 10. Bxe7 Qxe7 11. Re1 Qf6 12. Ne5 Nf4 13. Bf1 Nxe5 14. Rxe5 c6
15. Nd2 Qg6 16. Kh1 Qd6 17. g3 Ng6 18. Re3 Bd7 19. Qc2 Rae8 20. Rae1 Rxe3 21.
Rxe3 Re8 22. Qd3 Rxe3 23. Qxe3 Qe7 24. Bd3 Qxe3 25. fxe3 f5 26. Nf3 Ne7 27. Ne5
Be6 28. Kg2 Kf8 29. b4 Ke8 30. a4 Kd8 31. a5 Kc7 32. Kf2 Kd6 33. h4 b6 34. axb6
axb6 35. Be2 c5 36. bxc5+ bxc5 37. Nd3 c4 38. Ne5 Ng8 39. Bf3 g5 40. hxg5 hxg5
41. Bd1 Nf6 42. Bc2 1/2-1/2

[Event "Baku (AZE)-Vilnius (LTU)"]
[Site "Hamburg"]
[Date "2009.06.06"]
[Round "5.2"]
[White "Yusifov, Fazil"]
[Black "Petrauskas, Gediminas"]
[Result "1/2-1/2"]
[WhiteElo "1900"]
[BlackElo "1900"]
[PlyCount "37"]
[EventDate "2009.??.??"]
[WhiteTeam "Baku (AZE)"]
[BlackTeam "Vilnius (LTU)"]

1. e4 d6 2. Nf3 Nf6 3. Nc3 g6 4. Bc4 Bg7 5. O-O O-O 6. Re1 c6 7. a3 Bg4 8. d3
Nbd7 9. d4 Qc7 10. Be3 a6 11. h3 Bxf3 12. Qxf3 b5 13. Bd3 c5 14. d5 Ne5 15. Qd1
Rfc8 16. Rc1 Nxd3 17. Qxd3 Rab8 18. Ne2 Nd7 19. Rb1 1/2-1/2

[Event "Baku (AZE)-Vilnius (LTU)"]
[Site "Hamburg"]
[Date "2009.06.06"]
[Round "5.3"]
[White "Osadcij, Jurij"]
[Black "Zhigannurov, Ramiz"]
[Result "1/2-1/2"]
[WhiteElo "1900"]
[BlackElo "1900"]
[PlyCount "83"]
[EventDate "2009.??.??"]
[WhiteTeam "Vilnius (LTU)"]
[BlackTeam "Baku (AZE)"]

1. e4 c5 2. Nf3 d6 3. d4 cxd4 4. Qxd4 Nc6 5. Bb5 Bd7 6. Bxc6 Bxc6 7. Nc3 e6 8.
Bg5 Nf6 9. O-O-O h6 10. Bh4 Be7 11. Rhe1 e5 12. Qd3 g5 13. Bg3 Nh5 14. Qc4 Qc8
15. Nb5 Bxb5 16. Qxb5+ Qc6 17. Qxc6+ bxc6 18. Nd2 O-O-O 19. Re3 f6 20. Nc4 Rhf8
21. Na5 Kd7 22. Red3 c5 23. Nb7 Ke6 24. Nxd8+ Rxd8 25. c4 Rd7 26. f3 Bd8 27.
Bf2 Nf4 28. R3d2 Ba5 29. Rc2 Nxg2 30. Bxc5 Nh4 31. Ba3 Nxf3 32. b4 Bc7 33. Bb2
g4 34. c5 Ng5 35. Re2 h5 36. a4 a6 37. Ba3 dxc5 38. Rxd7 Kxd7 39. bxc5 Kc6 40.
Kc2 Bd8 41. Kd3 Ne6 42. Kc4 1/2-1/2

[Event "Baku (AZE)-Vilnius (LTU)"]
[Site "Hamburg"]
[Date "2009.06.06"]
[Round "5.4"]
[White "Afandiyev, Ahad"]
[Black "Marcinkeviciene, Egle"]
[Result "0-1"]
[WhiteElo "1900"]
[BlackElo "1741"]
[PlyCount "78"]
[EventDate "2009.??.??"]
[WhiteTeam "Baku (AZE)"]
[BlackTeam "Vilnius (LTU)"]

1. e4 c5 2. Nf3 d6 3. d4 cxd4 4. Nxd4 Nf6 5. Nc3 a6 6. Bg5 Nbd7 7. f4 e6 8. Qf3
Be7 9. Bd3 Qc7 10. O-O-O Rb8 11. Rhe1 b5 12. Bxf6 Bxf6 13. f5 Bxd4 14. fxe6 Nf6
15. Nd5 Nxd5 16. exf7+ Qxf7 17. exd5+ Kf8 18. Qe4 Bf6 19. g4 Bd7 20. Qb4 Qxd5
21. Bc4 Qc5 22. Qxc5 dxc5 23. Rxd7 bxc4 24. Rf1 h6 25. c3 Kg8 26. Rf5 Rc8 27.
Kc2 Bg5 28. Rff7 Bf6 29. h4 Rh7 30. h5 Rh8 31. Rb7 Re8 32. Rfc7 Re4 33. Rxc5
Rxg4 34. Ra7 Kh7 35. Rc6 Rg2+ 36. Kb1 Re8 37. a3 Re1+ 38. Ka2 Bxc3 39. Rxh6+
Kxh6 0-1

[Event "London (ENG)-Sofia (BUL)"]
[Site "Hamburg"]
[Date "2009.06.06"]
[Round "5.1"]
[White "Georgiev, Veselin"]
[Black "Kreuzer, Christopher"]
[Result "1-0"]
[WhiteElo "2360"]
[BlackElo "1928"]
[PlyCount "69"]
[EventDate "2009.??.??"]
[WhiteTeam "Sofia (BUL)"]
[BlackTeam "London (ENG)"]

1. e4 c5 2. Nc3 a6 3. g3 d6 4. Bg2 Nc6 5. d3 Nf6 6. h3 e6 7. f4 Be7 8. Nf3 Qc7
9. O-O b5 10. Be3 Bb7 11. a3 Nd7 12. Qd2 O-O 13. g4 Bf6 14. Rab1 Bd4 15. Ne2
Bxe3+ 16. Qxe3 Rae8 17. Ng3 f5 18. Rbe1 fxg4 19. hxg4 a5 20. Re2 a4 21. Bh3 e5
22. f5 Nd4 23. Rh2 Nxf3+ 24. Rxf3 c4 25. Bf1 c3 26. bxc3 Qxc3 27. Qg5 Nf6 28.
Qh4 h6 29. g5 hxg5 30. Qxg5 Kf7 31. Nh5 Qc5+ 32. Kh1 Nxh5 33. Rxh5 d5 34. Rh7
Rg8 35. Qg6+ 1-0

[Event "London (ENG)-Sofia (BUL)"]
[Site "Hamburg"]
[Date "2009.06.06"]
[Round "5.2"]
[White "Macleod, Alasdair"]
[Black "Ninov, Nikolay"]
[Result "1-0"]
[WhiteElo "2031"]
[BlackElo "1900"]
[PlyCount "69"]
[EventDate "2009.??.??"]
[WhiteTeam "London (ENG)"]
[BlackTeam "Sofia (BUL)"]

1. e4 d5 2. exd5 Qxd5 3. Nc3 Qa5 4. d4 Nf6 5. h3 Bf5 6. Nf3 e6 7. Bc4 Nbd7 8.
O-O c6 9. Bf4 Be7 10. Qe2 O-O 11. Rfe1 Nd5 12. Nxd5 cxd5 13. Bb3 Rac8 14. c3 b5
15. Bxd5 b4 16. Bb7 Rcd8 17. c4 Nf6 18. c5 Nd5 19. Bxd5 Rxd5 20. Qc4 Rfd8 21.
Bd2 Bxc5 22. dxc5 Rxd2 23. Nxd2 Rxd2 24. Qf4 Qd8 25. Qxb4 h6 26. Rac1 Qg5 27.
Qb8+ Kh7 28. Qg3 Qxg3 29. fxg3 Rxb2 30. c6 Rb8 31. c7 Rc8 32. Red1 Kg6 33. Rd8
e5 34. Rxc8 Bxc8 35. Rd1 1-0